000 00838cam a22002531 4500
001 13538
003 BD-RjUL
005 20211208235453.0
008 140201r19591950nyua b 001 0 eng d
035 _a(BD-RjUL)13590
035 _a(OCoLC)541121
040 _aDLC
_cODaWU
_dOCoLC
_dUk
_dDLC
_dBD-RjUL
_beng
041 _aeng
082 0 0 _a537.53
_bSHE 1959
100 1 _aShockley, William,
_d1910-1989.
_942283
245 1 0 _aElectrons and holes in semiconductors :
_bwith applications to transistor electronics. /
_c William, Shockley
260 _aNew York :
_bVan Nostrand ,
_c1950 [Reprent 1959]
300 _axxiii, 558 p. :
_bill. ;
_c24 cm.
504 _aIncludes bibliographies and Index
650 0 _aTransistors.
_942285
942 _2ddc
_cBK
999 _c13538
_d13538